Statistics for 2206-天竜浜名湖鉄道の駅

Click here to take the quiz!

General Stats

  • This quiz has been taken 46 times
    (44 since last reset)
  • The average score is 25 of 39

Answer Stats

本線% Correct
掛川
100%
新所原
100%
天竜二俣
97%
西鹿島
90%
掛川市役所前
81%
浜名湖佐久米
81%
アスモ前
77%
遠州森
77%
二俣本町
77%
フルーツパーク
74%
西掛川
68%
三ヶ日
68%
東都筑
61%
常葉大学前
61%
都筑
61%
気賀
61%
遠江一宮
61%
奥浜名湖
61%
いこいの広場
61%
西気賀
61%
森町病院前
58%
大森
58%
原田
58%
原谷
58%
金指
58%
寸座
55%
岩水寺
55%
岡地
55%
桜木
55%
上野部
52%
知波田
52%
宮口
52%
豊岡
48%
尾奈
48%
細谷
48%
戸綿
45%
都田
42%
円田
42%
敷地
39%

Score Distribution

Percentile by Number Answered

Percent of People with Each Score

Your Score History

You have not taken this quiz since the last reset